000 02679cam a2200433 i 4500
999 _c113215
_d113215
003 BJBSDDR
005 20230411090140.0
007 ta
008 190911t2016 ncua b 000 0 eng d
020 _a9781611639186 (Paperback)
020 _a1611639182 (Paperback)
035 _a(OCoLC)ocn946903229
040 _aBTCTA
_beng
_cBTCTA
041 _aspa
042 _alccopycat
050 0 0 _aJK 526
_bP933 2016
082 0 0 _a338.973
245 0 4 _aThe presidential debates :
_bissues and questions for the 2016 elections and beyond /
_cedited by John Norton Moore.
264 1 _aDurham, North Carolina :
_bCarolina Academic Press,
_c2016.
300 _avii, 247 pages :
_bcolor illustrations ;
_c23 cm
336 _atext
_btxt
_2rdacontent
337 _aunmediated
_bn
_2rdamedia
338 _avolume
_bnc
_2rdacarrier
504 _aIncludes bibliographical references.
505 _aEconomic Growth and Domestic Policy / John Norton Moore -- Economic Growth / John H. Cochrane -- Immigration Policy / Peter Skerry -- Targeting Disease : Musculoskeletal Conditions / Steven R. Goldring (MD) -- Social Security Optionality : Reducing the Wealth Gap / Peter Ferrara -- Controlling the Deficit / Peter Ferrara -- What Tax Reform Should Look Like Under the Next President / Grover Norquist -- Foreign and Defense Policy / John Norton Moore -- Defense and Security Policy : Time for a Strategic Approach / Dennis C. Blair -- Foreign Policy / Chester A. Crocker -- Supporting Democracy, Human Rights and Rule of Law / David J. Kramer -- Criminal Justice System Issues / John Norton Moore -- Reducing Prison Populations : One of Many Needed Criminal Justice Reforms / Harry R. Marshall, Jr. -- Relational Policing / Timothy J. Longo, Sr. -- Education Against Crime : Fostering Culture Supportive of the Rule of Law / Roy Godson -- Questions For The Candidates.
648 7 _aSince 2009
_2fast
650 0 _aPresidents
_zUnited States
_xElection
_y21st century.
650 0 _aElections
_zUnited States
_y21st century.
650 0 _aPresidentes
_zEstados Unidos
_xElecciones
_97235
650 4 _aElecciones
_zEstados Unidos
_9285
651 0 _aUnited States
_xEconomic policy
_y2009-
651 0 _aUnited States
_xPolitics and government
_y21st century.
651 4 _aEstados Unidos
_xPolítica económica
_9843
700 1 _aMoore, John Norton,
_d1937-
_eeditor.
_97866
906 _a0
_bibc
_ccopycat
_d2
_encip
_f20
_gy-gencatlg
942 _2lcc
_cBK
946 _iLYD